000 01169nam a22001697a 4500
005 20260629095217.0
020 _a9781529144215
082 _a333.7 DAS
100 _aDasgupta, Partha.
245 _aOn Natural Capital
_bThe Value of the World Around Us: Transforming Economics to Value Nature and Combat Climate Change
260 _aNew York
_bHarperCollins Publishers
_c2026
300 _a288p.
504 _aIncludes index
520 _aFor just about everything of value in life, there is an economic model. If it matters to us, we have found a way to put a dollar amount on it—to quantify its importance in our lives and society. These models and metrics tell us that our economies are healthy because they are growing. And yet for as long as they have existed, our economic models have served us an incomplete picture; they fail to account for the fact that our growth is driven by a resource that we take for free and treat as infinite: nature. Indeed, for centuries we have been using nature as if it were limitless, but more than ever, we are recognizing that our demands on the natural world are unsustainable.
650 _aNatural capital
942 _cBK
999 _c11531
_d11531